[Event "Wroclaw Oct op"]
[Site "Wroclaw"]
[Date "2010.??.??"]
[Round "1"]
[White "Hudziak, Pawel"]
[Black "Zawadzki, Stanislaw"]
[Result "1/2-1/2"]
[WhiteElo "2205"]
[BlackElo "2408"]
[PlyCount "127"]
[EventDate "2010.10.22"]
[EventType "swiss"]
[EventRounds "5"]
[EventCountry "POL"]
[SourceTitle "EXT 2011"]
[Source "ChessBase"]
[SourceDate "2010.11.26"]
[SourceVersion "1"]
[SourceVersionDate "2010.11.26"]
[SourceQuality "1"]

1. d4 Nf6 2. Nf3 e6 3. c4 b6 4. g3 Ba6 5. b3 Bb4+ 6. Bd2 Be7 7. Bg2 c6 8. 0-0 d5 9. Ne5 Nfd7 10. Bf4 Nxe5 11. Bxe5 0-0 12. Nd2 Nd7 13. Bf4 Bf6 14. cxd5 exd5 15. Nf3 Re8 16. Re1 Rc8 17. Bh3 Ra8 18. Rc1 Bb7 19. b4 Nf8 20. a4 Ne6 21. Be5 Bxe5 22. Nxe5 Qd6 23. b5 Nxd4 24. Qxd4 c5 25. Nxf7 Kxf7 26. Qh4 Qf6 27. Qxh7 a6 28. bxa6 Rxa6 29. Qh5+ Kf8 30. Bg2 g6 31. Qh6+ Qg7 32. Qf4+ Qf7 33. Qd6+ Kg7 34. Rcd1 d4 35. Bxb7 Qxb7 36. Rb1 Qa7 37. Qc6 Re7 38. Rb3 Qd7 39. Qxd7 Rxd7 40. Reb1 Rd6 41. Rb5 Rc6 42. Kg2 Kf6 43. Kf3 Ke5 44. R1b4 Rf6+ 45. Kg2 Kd5 46. f4 Ke4 47. Rb3 Rc6 48. Kf2 Rf6 49. h4 Rc6 50. Ra3 Kd5 51. e3 dxe3+ 52. Kxe3 Ra8 53. g4 Re8+ 54. Kf3 Kd4 55. a5 bxa5 56. Rbxa5 c4 57. R5a4 Rce6 58. g5 Re1 59. Ra6 Rh1 60. Kg3 Rg1+ 61. Kf3 Rf1+ 62. Kg3 Rg1+ 63. Kf3 Rf1+ 64. Kg3 1/2-1/2

[Event "Wroclaw Oct op"]
[Site "Wroclaw"]
[Date "2010.??.??"]
[Round "2"]
[White "Zawadzki, Stanislaw"]
[Black "Dobrowolski, Aleksander"]
[Result "1/2-1/2"]
[WhiteElo "2408"]
[BlackElo "2345"]
[PlyCount "68"]
[EventDate "2010.10.22"]
[EventType "swiss"]
[EventRounds "5"]
[EventCountry "POL"]
[SourceTitle "EXT 2011"]
[Source "ChessBase"]
[SourceDate "2010.11.26"]
[SourceVersion "1"]
[SourceVersionDate "2010.11.26"]
[SourceQuality "1"]

1. Nf3 Nf6 2. g3 d5 3. Bg2 Bf5 4. 0-0 e6 5. d3 Be7 6. Nbd2 0-0 7. Qe1 h6 8. e4 Bh7 9. Qe2 c5 10. Re1 Nc6 11. e5 Nd7 12. Nf1 Qc7 13. h4 Nd4 14. Nxd4 cxd4 15. Bf4 Rac8 16. Bxd5 Qxc2 17. Bxb7 Rc7 18. Be4 Bxe4 19. Qxe4 Nc5 20. Qf3 Nxd3 21. Re2 Qc4 22. Rd2 Nxf4 23. Qxf4 Rd8 24. b3 Qc3 25. Rad1 d3 26. Ne3 Rcd7 27. Nc4 Rd4 28. Qf3 R8d5 29. Kg2 a5 30. Nb6 Rd8 31. Na4 Qc7 32. Rxd3 Rxd3 33. Rxd3 Rxd3 34. Qxd3 Qxe5 1/2-1/2

[Event "Wroclaw op"]
[Site "Wroclaw"]
[Date "2009.04.30"]
[Round "4"]
[White "Zawadzki, Stanislaw"]
[Black "Korennoi, Viktor"]
[Result "1/2-1/2"]
[WhiteElo "2447"]
[BlackElo "2223"]
[PlyCount "136"]
[EventDate "2009.04.27"]
[EventType "swiss"]
[EventRounds "9"]
[EventCountry "POL"]
[SourceTitle "CBM 130 Extra"]
[Source "ChessBase"]
[SourceDate "2009.07.02"]
[SourceVersion "2"]
[SourceVersionDate "2009.07.15"]
[SourceQuality "1"]

1. e4 c5 2. Nf3 Nc6 3. Nc3 Nf6 4. Bb5 Qc7 5. 0-0 g6 6. Re1 Bg7 7. e5 Ng4 8. Bxc6 dxc6 9. Qe2 0-0 10. d3 Nh6 11. Ne4 b6 12. Bf4 Nf5 13. c3 Rd8 14. h3 Bh8 15. Bh2 Qd7 16. g4 Ng7 17. Rad1 h5 18. d4 hxg4 19. dxc5 Qe8 20. hxg4 Bxg4 21. Qe3 Rxd1 22. Rxd1 Qc8 23. Re1 Qa6 24. Nd4 Rc8 25. Qg5 Bf5 26. Qxe7 Bxe4 27. Rxe4 Qxa2 28. Rh4 Nf5 29. Nxf5 Qb1+ 30. Kg2 Qxf5 31. Rd4 bxc5 32. Qxc5 Bg7 33. Bg3 g5 34. Qe7 a6 35. Qd7 Qxd7 36. Rxd7 Re8 37. Rc7 Bxe5 38. Rxc6 Bxg3 39. Kxg3 Re2 40. b4 Rc2 41. f3 f5 42. Rg6+ Kf7 43. Rxg5 Rxc3 44. Rxf5+ Kg6 45. Ra5 Rc6 46. Kf2 Kf7 47. Ke3 Rc4 48. Rf5+ Ke7 49. Rf4 Rc6 50. Kd3 Kd7 51. Rd4+ Ke7 52. Rc4 Rd6+ 53. Kc3 Rd1 54. Re4+ Kf6 55. Kc4 Rc1+ 56. Kd5 Kf7 57. Rc4 Rf1 58. f4 Ke7 59. Kc6 Ra1 60. Re4+ Kd8 61. Rd4+ Kc8 62. Kb6 Ra2 63. Ka7 Ra4 64. f5 a5 65. f6 Kc7 66. Rc4+ Kd7 67. Rc5 Rxb4 68. Rxa5 Ke6 1/2-1/2

[Event "CZE-chT 0809"]
[Site "Czech Republic"]
[Date "2008.11.08"]
[Round "1.7"]
[White "Zawadzki, Stanislaw"]
[Black "Pertlova, Sona"]
[Result "1/2-1/2"]
[WhiteElo "2410"]
[BlackElo "2217"]
[PlyCount "61"]
[EventDate "2008.11.08"]
[EventType "tourn"]
[EventRounds "11"]
[EventCountry "CZE"]
[SourceTitle "CBM 127 Extra"]
[Source "ChessBase"]
[SourceDate "2009.01.08"]
[SourceVersion "2"]
[SourceVersionDate "2009.01.28"]
[SourceQuality "1"]
[WhiteTeam "Grygov"]
[BlackTeam "Trinec II"]
[WhiteTeamCountry "CZE"]
[BlackTeamCountry "CZE"]

1. e4 c5 2. Nf3 e6 3. d4 cxd4 4. Nxd4 Nc6 5. Nc3 a6 6. Be2 Qc7 7. Be3 Nf6 8. a3 b5 9. Nxc6 dxc6 10. f4 Bb7 11. 0-0 Be7 12. e5 Rd8 13. Qe1 Nd7 14. Qg3 0-0 15. Rae1 c5 16. Bc1 Kh8 17. Kh1 c4 18. Bg4 Nc5 19. Qh3 g6 20. Re3 Rfe8 21. Qh6 Bf8 22. Qh4 Be7 23. Qe1 Bc6 24. Bf3 a5 25. Na2 Bxf3 26. Rexf3 Rd7 27. Bd2 Ra8 28. h3 Qd8 29. Bc1 Qc7 30. Bd2 Qd8 31. Bc1 1/2-1/2

[Event "POL-chT 1st League"]
[Site "Ustron"]
[Date "2008.09.12"]
[Round "7"]
[White "Zawadzki, Stanislaw"]
[Black "Janaszak, Dawid"]
[Result "1/2-1/2"]
[WhiteElo "2410"]
[BlackElo "2353"]
[PlyCount "79"]
[EventDate "2008.09.06"]
[EventType "team-tourn"]
[EventRounds "9"]
[EventCountry "POL"]
[SourceTitle "CBM 126 Extra"]
[Source "ChessBase"]
[SourceDate "2008.11.05"]
[SourceVersion "1"]
[SourceVersionDate "2008.11.05"]
[SourceQuality "1"]
[WhiteTeam "Legnica Miedz"]
[BlackTeam "Ostrow Wielkopolski U19"]
[WhiteTeamCountry "POL"]
[BlackTeamCountry "POL"]

1. e4 c5 2. Nf3 Nc6 3. Nc3 Nf6 4. Bb5 Qc7 5. 0-0 Nd4 6. Re1 a6 7. Bf1 d6 8. Nxd4 cxd4 9. Nd5 Nxd5 10. exd5 g6 11. d3 h6 12. Bd2 Bg7 13. c4 0-0 14. b4 b6 15. Qb3 e5 16. dxe6 fxe6 17. Be2 Kh7 18. Bg4 e5 19. Bxc8 Raxc8 20. f3 g5 21. h3 Qb7 22. Qd1 Rc7 23. Rc1 Rfc8 24. Qe2 d5 25. a4 dxc4 26. dxc4 Qc6 27. b5 axb5 28. cxb5 Qg6 29. Rxc7 Rxc7 30. Rc1 Rxc1+ 31. Bxc1 Qd6 32. Qd3+ Kh8 33. Ba3 Qc7 34. Kf2 Qf7 35. Ke1 Qa2 36. Kf1 Qa1+ 37. Kf2 Qa2+ 38. Kf1 Qa1+ 39. Kf2 Qa2+ 40. Kf1 1/2-1/2

[Event "POL-chT 1st League"]
[Site "Ustron"]
[Date "2008.09.08"]
[Round "3"]
[White "Zawadzki, Stanislaw"]
[Black "Czerwonski, Aleksander"]
[Result "1-0"]
[WhiteElo "2410"]
[BlackElo "2414"]
[PlyCount "95"]
[EventDate "2008.09.06"]
[EventType "team-tourn"]
[EventRounds "9"]
[EventCountry "POL"]
[SourceTitle "CBM 126 Extra"]
[Source "ChessBase"]
[SourceDate "2008.11.05"]
[SourceVersion "1"]
[SourceVersionDate "2008.11.05"]
[SourceQuality "1"]
[WhiteTeam "Legnica Miedz"]
[BlackTeam "Gorzow Wielkopolski Stilon"]
[WhiteTeamCountry "POL"]
[BlackTeamCountry "POL"]

1. e4 e5 2. Nf3 Nc6 3. Bb5 a6 4. Ba4 Nf6 5. 0-0 Be7 6. Re1 b5 7. Bb3 d6 8. c3 0-0 9. h3 Na5 10. Bc2 d5 11. d4 exd4 12. e5 Ne4 13. cxd4 f5 14. exf6 Bxf6 15. Nc3 Nxc3 16. bxc3 Nc4 17. a4 bxa4 18. Ne5 Bxe5 19. dxe5 Bf5 20. Bxa4 Be6 21. Bc6 Rb8 22. Rxa6 Kh8 23. Ba4 Qc8 24. Ra7 Rb6 25. Bc2 Qb8 26. Ra1 Qe8 27. f4 Qe7 28. g4 Qh4 29. Kg2 Bd7 30. Qd3 Rh6 31. Qg3 Qe7 32. f5 Rb6 33. Kh2 g6 34. e6 Be8 35. h4 Qg7 36. Ra7 Nd6 37. Bf4 Qe7 38. c4 dxc4 39. Qc3+ Kg8 40. Bg5 Nb5 41. Bxe7 Nxc3 42. Bxf8 Kxf8 43. Ra3 Nb5 44. Ra8 gxf5 45. gxf5 Ke7 46. f6+ Kxf6 47. Rxe8 Nd4 48. Rf8+ 1-0

[Event "POL-chT 1st League"]
[Site "Ustron"]
[Date "2008.09.06"]
[Round "1"]
[White "Zawadzki, Stanislaw"]
[Black "Brodowski, Piotr"]
[Result "1-0"]
[WhiteElo "2410"]
[BlackElo "2424"]
[PlyCount "59"]
[EventDate "2008.09.06"]
[EventType "team-tourn"]
[EventRounds "9"]
[EventCountry "POL"]
[SourceTitle "CBM 126 Extra"]
[Source "ChessBase"]
[SourceDate "2008.11.05"]
[SourceVersion "1"]
[SourceVersionDate "2008.11.05"]
[SourceQuality "1"]
[WhiteTeam "Legnica Miedz"]
[BlackTeam "Kozuchow Odrodzenie"]
[WhiteTeamCountry "POL"]
[BlackTeamCountry "POL"]

1. d4 d5 2. Nf3 Nf6 3. Bf4 e6 4. e3 Bd6 5. Nbd2 0-0 6. Bd3 c5 7. c3 Nc6 8. 0-0 Re8 9. Ne5 Bxe5 10. Bxe5 Nxe5 11. dxe5 Nd7 12. f4 c4 13. Bc2 Qb6 14. Rb1 Qxe3+ 15. Kh1 Qc5 16. Nf3 g6 17. g4 b5 18. Qe1 Bb7 19. Nd4 f6 20. Qg3 Qb6 21. h4 Re7 22. h5 gxh5 23. Qh4 Rf8 24. Qxh5 Ref7 25. Kg2 fxe5 26. fxe5 Qc7 27. Rxf7 Rxf7 28. Rf1 Nf8 29. Bxh7+ Rxh7 30. Rxf8+ 1-0

[Event "POR-chT 50th"]
[Site "Evora"]
[Date "2008.07.28"]
[Round "3"]
[White "Granda Zuniga, Julio E"]
[Black "Zawadzki, Stanislaw"]
[Result "1-0"]
[WhiteElo "2599"]
[BlackElo "2410"]
[PlyCount "115"]
[EventDate "2008.07.26"]
[EventType "tourn"]
[EventRounds "9"]
[EventCountry "POR"]
[SourceTitle "EXT 2009"]
[Source "ChessBase"]
[SourceDate "2008.11.26"]
[SourceVersion "1"]
[SourceVersionDate "2008.11.26"]
[SourceQuality "1"]

1. d4 d5 2. c4 c6 3. Nf3 Nf6 4. e3 Bg4 5. h3 Bh5 6. cxd5 Bxf3 7. gxf3 Nxd5 8. f4 e6 9. Bg2 Nd7 10. Nd2 Qc7 11. a3 Be7 12. Qc2 0-0-0 13. Nb3 Kb8 14. Bd2 Rc8 15. Ba5 Qd6 16. 0-0 f5 17. Bb4 Nxb4 18. axb4 Qxb4 19. Nc1 Bd8 20. Nd3 Qe7 21. b4 Bb6 22. Nc5 Nf6 23. Rfb1 a6 24. Nxa6+ bxa6 25. Rxa6 Kb7 26. b5 Nd5 27. bxc6+ Rxc6 28. Bxd5 exd5 29. Qxc6+ Kxc6 30. Rbxb6+ Kc7 31. Ra7+ Kxb6 32. Rxe7 g6 33. h4 Kc6 34. Kg2 Kd6 35. Rb7 Ke6 36. Kh3 Kf6 37. Rb6+ Ke7 38. Ra6 Kd7 39. h5 Ke7 40. Ra7+ Kf6 41. h6 Ke6 42. Kg3 Kf6 43. Rb7 Ke6 44. Kh4 Ra8 45. Rxh7 Ra1 46. Kg3 Rh1 47. Kf3 Rh5 48. Ke2 Rh2 49. Rh8 Kf7 50. Rh7+ Ke6 51. Rh8 Kf7 52. h7 Kg7 53. Rd8 Kxh7 54. Rxd5 Kg7 55. Ra5 Rh8 56. Kd3 Rb8 57. Ra2 Kf6 58. d5 1-0

[Event "POR-chT 50th"]
[Site "Evora"]
[Date "2008.07.27"]
[Round "2"]
[White "Zawadzki, Stanislaw"]
[Black "Spraggett, Kevin"]
[Result "1-0"]
[WhiteElo "2410"]
[BlackElo "2601"]
[PlyCount "99"]
[EventDate "2008.07.26"]
[EventType "tourn"]
[EventRounds "9"]
[EventCountry "POR"]
[SourceTitle "EXT 2009"]
[Source "ChessBase"]
[SourceDate "2008.11.26"]
[SourceVersion "1"]
[SourceVersionDate "2008.11.26"]
[SourceQuality "1"]

1. e4 Nf6 2. e5 Nd5 3. d4 d6 4. c4 Nb6 5. exd6 cxd6 6. Nc3 g6 7. Be3 Bg7 8. Rc1 0-0 9. b3 Nc6 10. d5 Ne5 11. h3 Re8 12. Nge2 Rf8 13. Ng1 Re8 14. Nge2 Nexc4 15. bxc4 Nxc4 16. Qb3 Nxe3 17. fxe3 e6 18. g3 Bh6 19. Nf4 a6 20. Be2 b5 21. dxe6 Bxe6 22. Nxe6 fxe6 23. Ne4 d5 24. Nf2 Qd6 25. Rg1 Rac8 26. Rxc8 Rxc8 27. Bg4 Qe5 28. Nd1 Bg7 29. Qa3 h5 30. Qxa6 Re8 31. Qxb5 Rf8 32. Be2 Kh7 33. a4 Rb8 34. Qc5 Bf8 35. Qa7+ Kh6 36. Bd3 Bb4+ 37. Ke2 Rf8 38. Qd4 Qd6 39. Rf1 e5 40. Qb2 Ba3 41. Qb3 Rb8 42. Bb5 Bc5 43. Nc3 Rd8 44. Rd1 d4 45. Ne4 Qe7 46. Rf1 Kg7 47. h4 dxe3 48. Bd3 Qd7 49. Nxc5 Qg4+ 50. Rf3 1-0